Hypertension (Registro nro. 29501)

Detalles MARC
000 -CABECERA
Longitud fija campo de control 00692nas a2200217 4500
003 - IDENTIFICADOR DELl NÚMERO DE CONTROL
Identificador del número de control OSt
005 - FECHA Y HORA DE LA ÚLTIMA TRANSACCIÓN
Fecha y hora de la última transacción 20180717174025.0
008 - CÓDIGOS DE INFORMACIÓN DE LONGITUD FIJA
Códigos de información de longitud fija 031124c2000 sp uu p 0uuua0mul
035 ## - NÚMERO DE CONTROL DEL SISTEMA
Número de control del sistema (OCoLC)436805613
040 ## - FUENTE DE LA CATALOGACIÓN
Centro catalogador de origen BMC
Centro transcriptor BMC
082 ## - NÚMERO DE LA CLASIFICACIÓN DECIMAL DEWEY
Númeroo de clasificación 612.1
245 00 - MENCIÓN DE TÍTULO
Título Hypertension
Mención de responsabilidad, etc. Edgard D. Fronhlich, Editor en chief
Nombre de parte o sección de la obra november
260 0# - PUBLICACIÓN, DISTRIBUCIÓN, ETC. (PIE DE IMPRENTA)
Lugar de publicación, distribución, etc. Barcelona
Nombre del editor, distribuidor, etc. Lippincott Williams & Wilkins
Fecha de publicación, distribución, etc. 2000
300 ## - DESCRIPCIÓN FÍSICA
Extensión [469-1131 ] p.
Dimensiones 30 cm
490 ## - MENCIÓN DE SERIE
Mención de serie Hypertension
Designación de volumen o secuencia V. 36, No. 4
505 ## - NOTA DE CONTENIDO CON FORMATO
Nota de contenido con formato Contiene: Genetic mapping.- Fetal and childhood growth.-
546 ## - NOTA DE LENGUA
Nota de lengua Texto en inglés
650 24 - PUNTO DE ACCESO ADICIONAL DE MATERIA - TÉRMINO DE MATERIA
Término de materia o nombre geográfico como elemento inicial Circulación sanguínea
9 (RLIN) 789
700 1# - PUNTO DE ACCESO ADICIONAL - NOMBRE DE PERSONA
9 (RLIN) 42715
Nombre de persona Edgard D. Fronhlich
942 ## - ENTRADA DE ELEMENTOS AGREGADOS (KOHA)
Fuente de clasificaión o esquema Dewey Decimal Classification
Koha [por defecto] tipo de item 2- Prensa y Revistas
Parte de clasificación prozim
Existencias
Suprimido Perdido Fuente de clasificación o esquema Estropeado Restricciones de uso No para préstamo Código de colección Localización permanente Localización actual Localización en estanter&íacute;as Fecha adquisición Fuente de adquisición Número de inventario Préstamos totales Signatura completa Código de barras Fecha última consulta Fecha del precio de reemplazo Tipo de item de Koha
NULL NULL Dewey Decimal Classification NULL NULL NULL NULL Biblioteca Miguel de Cervantes - UNICAES Biblioteca Miguel de Cervantes - UNICAES Sala Principal 30/06/2008 Donación - Romeo Tovar Astorga 000018   MED-000036 (v.36) 1044337 16/06/2018 16/06/2018 2- Prensa y Revistas